Most Populous Cities in Portugal - Statistics

General Stats
  • This quiz has been taken 49 times
  • The average score is 5 of 8
Answer Stats
Population City % Correct
517,802 Lisbon
100%
249,633 Porto
100%
121,394 Braga
73%
106,582 Coimbra
65%
117,110 Setubal
51%
100,847 Funchal
49%
178,858 Amadora
35%
103,399 Queluz
5%
No matching quizzes found
Score Distribution
Percent of People with Each Score
Percentile by Number Answered
Your Score History
You have not taken this quiz